Sports Quiz

Random Sports or Football Quiz

Top 100 AFL Dreamteam Averages 2010 Quiz Stats

Quiz not verified by Sporcle

Challenge
Share
Tweet
Embed
Score 0/100 Timer 10:00
0 Plays Today
Average Player % Correct
119.0Gary Ablett
98.1%
123.1Dane Swan
97.6%
115.2Matthew Boyd
94.2%
112.0Leigh Montagna
91.8%
106.5Scott Pendlebury
90.8%
102.7Chris Judd
89.9%
99.8Marc Murphy
89.9%
108.0Lenny Hayes
89.4%
103.1Luke Hodge
88.9%
100.3Sam Mitchell
88.9%
91.7Matthew Pavlich
88.9%
106.9Joel Selwood
87.9%
105.4Jimmy Bartel
87.9%
94.4Nick Riewoldt
87.4%
92.1Adam Selwood
87.4%
113.4Brendon Goddard
87%
94.6Steve Johnson
86%
99.4Lance Franklin
85.5%
103.0Nick Dal Santo
84.5%
94.9Jobe Watson
82.6%
113.7Paul Chapman
81.6%
97.9Aaron Sandilands
81.2%
100.7Kane Cornes
80.2%
96.4Bryce Gibbs
80.2%
94.7Brent Harvey
79.7%
86.9Jonathan Brown
75.8%
109.8Michael Barlow
73.4%
91.8Corey Enright
72.9%
93.8Joel Corey
70.5%
84.7Dean Cox
69.6%
89.4Brett Deledio
68.1%
95.9Scott Thompson
67.6%
91.8Simon Black
67.6%
103.3Daniel Cross
67.1%
Average Player % Correct
94.7Adam Goodes
66.7%
99.5Brent Stanton
66.2%
91.4Adam Cooney
64.7%
98.5Andrew Swallow
63.3%
89.2David Mundy
62.3%
95.3Dale Thomas
61.8%
91.3Ryan Griffen
60.9%
101.3Kade Simpson
60.4%
98.5Brad Green
58.5%
94.9Travis Boak
57.5%
85.2Sam Fisher
56.5%
85.2Travis Cloke
56%
99.8Brian Lake
55.6%
99.0Alan Didak
55.6%
93.5Matthew Priddis
51.7%
90.5Kieren Jack
50.2%
85.2Clinton Jones
47.8%
94.4James Kelly
46.9%
86.3Ryan O'Keefe
46.9%
93.0Heath Scotland
44.9%
86.1Cyril Rioli
43.5%
88.5Jude Bolton
42.5%
85.9Bernie Vince
41.5%
87.4Luke Power
40.1%
93.2Sam Gilbert
39.6%
92.6Luke Ball
38.6%
87.2Tom Rockliff
38.6%
87.0Dayne Beams
37.7%
93.2 Daniel Giansiracusa
37.2%
96.2Colin Sylvia
36.7%
87.3Jordan Lewis
35.3%
85.8Patrick Ryder
34.8%
87.9Andrew Mackie
34.3%
89.1Shaun Burgoyne
33.8%
Average Player % Correct
89.4Domenic Cassisi
31.4%
86.7Jarrad Waite
29%
91.5Simon Goodwin
28.5%
96.4Shane Tuck
27.5%
92.4Andrew Embley
27.5%
84.3Lindsay Gilbee
27.5%
84.2Jason Gram
26.1%
92.5Brady Rawlings
24.6%
91.4Tyson Edwards
24.2%
90.4Cameron Bruce
23.7%
87.6Paul Duffield
23.2%
94.8James McDonald
20.3%
96.3Michael Rischitelli
18.8%
89.3Greg Broughton
18.8%
85.7Nick Malceski
18.8%
92.2Darren Milburn
18.4%
87.5Beau Waters
16.9%
86.2Daniel Jackson
16.9%
86.5Graham Johncock
16.4%
88.2Richard Douglas
15.9%
84.0Adam Schneider
14%
95.7Brent Prismall
13.5%
87.0Jared Brennan
13.5%
87.0Jarrod Harbrow
12.6%
85.8Ben McGlynn
12.6%
87.7Jason Winderlich
12.1%
95.1Liam Anthony
10.1%
92.4Daniel Connors
7.7%
90.5Nathan Lovett-Murray
3.9%
86.0Cale Morton
3.4%
85.3Brad Symes
3.4%
85.8Travis Johnstone
2.4%

You're not logged in!

Compare scores with friends on all Sporcle quizzes.
Sign Up with Email
OR
Log In

You Might Also Like...

Show Comments

Extras

Top Quizzes Today


Score Distribution

Your Account Isn't Verified!

In order to create a playlist on Sporcle, you need to verify the email address you used during registration. Go to your Sporcle Settings to finish the process.